| 000 | 00615nam a22001817a 4500 | ||
|---|---|---|---|
| 003 | BD-DhUL | ||
| 005 | 20180517121523.0 | ||
| 008 | 180517s1948 xxu||||| |||| 00| 0 d | ||
| 040 |
_aBD-DhUL _cBD-DhUL |
||
| 082 |
_a891.443 _bMAS |
||
| 100 | 1 | _aবন্দোপাধ্যায়, মানিক | |
| 245 | 1 | 0 |
_aসহরতলী : _b২য় পর্ব / _cমানিক বন্দোপাধ্যায় |
| 260 | _c১৯৪৮ | ||
| 300 |
_a১৩৪ পৃ. ; _c১৯ সেমি. |
||
| 650 | 4 | _aবাংলা উপন্যাস | |
| 650 | 4 | _aBengali fiction | |
| 942 |
_2ddc _cBK |
||
| 999 |
_c241349 _d241349 |
||